Operations Research an Introduction (Record no. 19)

MARC details
000 -LEADER
fixed length control field 00389nam a22001577a 4500
005 - DATE AND TIME OF LATEST TRANSACTION
control field 20160426130331.0
008 - FIXED-LENGTH DATA ELEMENTS--GENERAL INFORMATION
fixed length control field 160426b xxu||||| |||| 00| 0 eng d
020 ## - INTERNATIONAL STANDARD BOOK NUMBER
ISBN 978-81-203-3043-6
041 ## - LANGUAGE CODE
Language code of text/sound track or separate title eng
082 ## - DEWEY DECIMAL CLASSIFICATION NUMBER
Item number 00100
100 ## - MAIN ENTRY--AUTHOR NAME
Personal name Tana, Hamdy A
245 ## - TITLE STATEMENT
Title Operations Research an Introduction
260 ## - PUBLICATION, DISTRIBUTION, ETC. (IMPRINT)
Place of publication New Delhi
Name of publisher PHI Learning Put. Ltd.
Year of publication 2007
300 ## - PHYSICAL DESCRIPTION
Number of Pages 813
942 ## - ADDED ENTRY ELEMENTS (KOHA)
Koha item type Books
Holdings
Lost status Damaged status Collection code Home library Current library Shelving location Date acquired Cost, normal purchase price Full call number Accession Number Koha item type
    MANAGEMENT JRU Library JRU Library   26/04/2016 375.00 00100 00100 Books
    MANAGEMENT JRU Library JRU Library   26/04/2016 375.00 00100 00101 Books